| 000 | 00530nam a22002057a 4500 | ||
|---|---|---|---|
| 003 | MPLRDC | ||
| 005 | 20220105061130.0 | ||
| 008 | 210129b ||||| |||| 00| 0 eng d | ||
| 020 | _a978-957-08-4822-9 | ||
| 082 | _a855 LJT-8 | ||
| 100 | _a李家同 | ||
| 245 |
_a陌生人 _c |
||
| 250 | _a三版 | ||
| 260 |
_a台湾 _b联经出版事业股份有限公司 _c2016 |
||
| 300 | _b平 | ||
| 490 | _a当代名家: 李家同 | ||
| 520 | _a上架 2017-11-16。 | ||
| 650 | _a散文:随笔、日记 | ||
| 942 |
_cBK _o855 LJT-8 |
||
| 999 |
_c69276 _d69266 |
||